Europäische Städte mit U-Bahn - Statistiken

Allgemein
  • Dieses Quiz wurde 1.646 mal gespielt
  • Das Durchschnittsergebnis liegt bei 36 aus 51
Antwortstatistiken
Land Stadt % Korrekt
Deutschland Berlin
99%
Belgien Brüssel
99%
Paris
99%
Rom
97%
Hamburg
96%
Dänemark Kopenhagen
96%
München
96%
Griechenland Athen
95%
Österreich Wien
95%
Niederlande Amsterdam
94%
Finnland Helsinki
94%
Moskau
94%
Norwegen Oslo
94%
Madrid
93%
Bulgarien Sofia
93%
Polen Warschau
93%
Portugal Lissabon
92%
London
91%
Mailand
91%
Spanien Barcelona
90%
Sankt Petersburg
90%
Schweden Stockholm
90%
Kiew
89%
Rumänien Bukarest
88%
Marseille
88%
Lyon
86%
Tschechien Prag
86%
Rotterdam
85%
Neapel
84%
Ungarn Budapest
80%
Frankfurt
80%
Weißrussland Minsk
80%
Turin
76%
Valencia
65%
Nürnberg
63%
Seville
61%
Vereinigtes Königreich Glasgow
50%
Toulouse
50%
France Lille
47%
Genua
46%
Bilbao
40%
Schweiz Lausanne
35%
Russland Kazan
29%
Rennes
29%
Nischni Nowgorod
26%
Jekaterinburg
18%
Nowosibirsk
17%
Samara
15%
Ukraine Dnipro
14%
Italien Brescia
9%
Kharkiv
9%
Keine übereinstimmenden Quizze gefunden
Verteilung der Resultate
Anzahl Personen mit jedem Resultat
Perzentil nach korrekt beantworteten Fragen
Ihre Resultats-Entwicklung
Sie haben dieses Quiz noch nicht gespielt